000 01089nam a2200301 c 4500
003 BLK
005 20250114151526.0
008 180411b bul|||||r ||||||| ||bul||
020 _a978-954-330-421-9
040 _aBLK
041 _aBUL
_cBUL
080 _aБългарска литература
_b821.163.2
_x-32
_z821.163.2-32
100 1 _aСтефанов, Васил
_eпърви автор
_gДимчев, Васил Стефанов
_9374060
139 _aСтефанов, Васил
_bС 75
245 1 0 _aКлубът на гъсоците
_bРазкази
_cВасил Стефанов.
257 _aBGR
260 _bУнискорп
_c2016
_fХасково : Полиграфюг
_aСофия
300 _a224 с.
_c20 см
380 _aX
500 _aБиогр. данни за авт. отбелязани на гърба на кор.
852 _aЦб 284545
856 4 _qpdf
856 4 _qpdf
942 _cKNG
_n0
944 _aCR
_c14.03.2017
_k30545
_lНора Радева
944 _aED
_c21.03.2017
_kГрета_Цуфелде
999 _c193644
_d193644
999 _d193644